Artigos de Direito

Detalles Bibliográficos
Formato: Desconocido
Lenguaje:inglés
Publicado: Brasil : Robson Zanetti Advogados
Materias:
Acceso en línea:Acceso restringido

MARC

LEADER 00000ny a22000003n 4500
005 20110510152029.0
007 cr
008 091203s19uu bl p 000 a eng d
035 |a 2816 
040 |d vLex 
090 |c 1601  |d 1601 
245 3 0 |a Artigos de Direito  |h [Recurso electrn̤ico] 
256 |a Servicio en ln̕ea 
260 |a Brasil :  |b Robson Zanetti Advogados  
506 1 |a Contenido solo disponible en los productos indicados  |d vLex Global  |d vLex Global (Academic Edition, excluding Law Schools)  |d vLex Global (U.S. Academic Edition, Law Schools)  |d vLex Global (U.S. Academic Edition, excluding Law Schools)  |d vLex Global (Academic Edition, Law Schools) 
650 0 4 |a Derecho  |x Publicaciones perid̤icas 
740 0 |a vLex Revista (Servicios en ln̕ea) 
843 |a Electrn̤ica. Abierta 
853 |8 1  |i (year)  |j (month)  |k (day) 
856 4 0 |u http://vlex.com/source/2816  |z Acceso restringido 
942 |c REV 
999 4 |a Revistas electrn̤icas